| 000 | 00722nam a2200241Ia 4500 | ||
|---|---|---|---|
| 003 | OSt | ||
| 005 | 20220923224053.0 | ||
| 006 | a|||||r|||| 00| 0 | ||
| 007 | ta | ||
| 008 | Pun | ||
| 024 | _a224,663 | ||
| 037 | _cTextual | ||
| 040 |
_aARTS _cARTS _bPun |
||
| 041 |
_2Pun _aPun |
||
| 082 | _aO153.3N25x, P4 | ||
| 100 | _aਸਰਨਾ, ਮਹਿੰਦਰ ਸਿੰਘ | ||
| 245 | 0 | _aਕਤਲ ਪੰਜਾ ਪਾਣੀਆਂ ਦਾ | |
| 260 |
_aਦਿੱਲੀ _b ਆਰਸੀ ਪਬਲੀFਰਗ਼ _c2004 |
||
| 300 |
_a232ਪੰ _ccm. |
||
| 650 | _aਪੰਜਾਬੀ ਸਾਹਿਤ | ||
| 942 |
_hO153.3N25x, P4 _cTEXL _2CC |
||
| 999 |
_c369029 _d369029 |
||